000 01383cgm a2200361 4500
001 J2014
008 090401t1994 xxu||||| |||| 00| 0 eng d
035 _a(Sirsi) u46763
041 _aeng
050 _a346.4104343
100 _aCouch, Harold
245 _aService charges in shopping centres.(sound recording)
260 _aLondon
_bRICS
_c1994
300 _a1 sound cassette (60 min.)
350 _a10.21
490 _aOwlion Audio Programme
520 _aExplains the expectations and responsibilities of the various parties involved in Shopping Centre Enterprises and the methodology employed in assessing and managing Service Charges that are acceptable to all concerned. Contributors represented include owners of Shopping Centres, specialists in Shopping Centre Management, tenant/retailers and Centre Managers.
650 _aAUDIO CASSETTES
650 _aProperty management
_96262
650 _aSERVICE CHARGES
650 _aSHOPPING CENTRES
690 _aCOMMERCIAL PROPERTY-MANAGEMENT
690 _aPROPERTY-COMMERCIAL PROPERTY-RETAIL PROPERTY
700 _aCollins, Geoff
700 _aDuckworth, Jonathan
700 _aKnott, Colin
700 _aSaunders, Keith
700 _aStrange, Alf
710 _aRoyal Institution of Chartered Surveyors
_94900
710 _aCollege of Estate Management
_9400
942 _n0
948 _c04/03/1997
999 _c85251
_d85251